000 00525nam a22001937a 4500
003 OSt
005 20140310182219.0
008 130909t xxu||||| |||| 00| 0 eng d
020 _a9781852401221
050 _aBV 1460
_b.H791 1994
082 _aHS 241.4
_b B49 1994
100 _aBilby, Ian
_917226
245 _aExplaining hope:
_cIan Bilby.
260 _a[London] :
_bBovereign World Limited,
_cc1994.
300 _a60 p. :
_bill. ;
_c20 cm.
541 _j1
650 _aExplaining hope
_917227
942 _2lcc
_cHS
999 _c10676
_d10676